| 000 | 00832 a2200313 4500 | ||
|---|---|---|---|
| 001 | 72391 | ||
| 999 |
_c72391 _d35754 |
||
| 003 | TR-AnTOB | ||
| 005 | 20200430125117.0 | ||
| 008 | 110714s1994 tu 000 0 | ||
| 020 | _a9759556006 | ||
| 040 | _aTR-AnTOB | ||
| 041 | _atur | ||
| 050 |
_aHM35 _b.E75 1994 |
||
| 090 | _aHM35 .E75 1994 | ||
| 100 |
_aErkal, Mustafa E. _97093 |
||
| 245 | 0 |
_aİktisadi kalkınmanın kültür temelleri / _cMustafa E. Erkal. |
|
| 264 | 1 |
_aİstanbul : _b, _c1994. |
|
| 300 |
_a196 s. ; _c21 cm. |
||
| 500 | _aKaynakça (s.191-196) | ||
| 650 |
_aEconomic development _91528 |
||
| 650 |
_aEkonomik kalkınma _99621 |
||
| 650 |
_aEkonomi _xSosyolojik yönler _9126635 |
||
| 650 |
_aEconomics _xSociological aspects _93156 |
||
| 902 | _a0026574 | ||
| 903 | _aMerkez Kutuphane | ||
| 945 | _aSC, BS | ||
| 942 | _cBK | ||